MARC

LEADER 00000nam0a2200000 4500
001 366524
005 20231102011906.0
035 |a (RuTPU)RU\TPU\retro\23887 
090 |a 366524 
100 |a 20220210d1978 km y0rusy50 ca 
101 0 |a rus 
102 |a RU 
105 |a af z 001zy 
200 1 |a Прикладные вопросы системного анализа  |e межвузовский тематический сборник  |f Куйбышевский государственный университет ;отв. ред. С. А. Пиявский 
210 |a Куйбышев  |c Изд-во КГУ  |d 1978 
215 |a 158 с.  |c ил.  |e Прилож.: 1 вкл. л. 
320 |a Библиогр. в конце ст. 
606 1 |a Системный анализ  |2 stltpush  |3 (RuTPU)RU\TPU\subj\42183  |9 61889 
610 1 |a прикладные методы 
610 1 |a САПР 
610 1 |a системы моделирования 
610 1 |a программное обеспечение 
610 1 |a АСУ 
610 1 |a дискретная оптимизация 
610 1 |a математическое моделирование 
610 1 |a генеральные совокупности 
610 1 |a распределение 
675 |a 681.51.012  |v 4 
702 1 |a Пиявский  |b С. А.  |4 340 
712 0 2 |a Куйбышевский государственный университет  |c (1966-1991)  |2 stltpush  |3 (RuTPU)RU\TPU\col\9904  |9 24761 
801 1 |a RU  |b 63413507  |c 20220210 
942 |c BK